Responses for Show #3244 - Thursday, October 15, 1998

Contestants

[<< previous game]

Elizabeth Bellas, a digital librarian from Seattle, Washington

Walter Hanig, a technical writer from San Diego, California

Diane Green, a travel consultant from Seattle, Washington (whose 1-day cash winnings total $13,000)

[next game >>]

Jeopardy! Round responses

TROPICAL FOREST CREATURES
A HAIRY CATEGORY
TV DEMISES
MIDDLE-EARTH
HUNGARY?
WHAT'S FOR DINNER?
    $100 1
Tail

Diane
    $100 15
Sideburns

Diane
    $100 21
Hawaii Five-O

Elizabeth
    $100 16
Hobbit

Walter
    $100 3
Aluminum

Walter
    $100 7
Lettuce

Walter
    $200 2
Frogs

Elizabeth
    $200 17
Ducktail

Walter
    $200 22
"Days Of Our Lives"

Walter
    $200 27
Ring

Walter
    $200 5
Hungarian flag

Walter
    $200 8
Chicken-fried steak

Diane
    $300 4
Tapir

Elizabeth
    $300 18
Pompadour

Diane
    $300 23
George Costanza ("Seinfeld")

Elizabeth
    $300 28
Dragon

Elizabeth
    $300 6
Soviet Union

Walter
    $300 12
Plantains

Walter
    $400 9
Leopard

Walter
    $400 19
Page boy

Walter
    $900 24
(Elizabeth: What is ER?)
...
(Alex: We have less than a minute.)

Melrose Place

Elizabeth
    $400 29
[The end-of-round signal sounds.]

a sword

Diane
    $400 11
Gypsies

Walter
    $400 13
(Diane: What is fried?)

poaching

Diane
Triple Stumper
    $500 10
(Walter: What is an adder?)

the mamba

Walter
Triple Stumper
    $500 20
Beehive

Elizabeth
    $500 25
Henry Blake

Walter
    $500 26
Laszlo

Triple Stumper
    $500 14
Polenta

Elizabeth

Scores at the first commercial break (after clue 13):

Diane Walter Elizabeth
-$100 $1,300 $500

Scores at the end of the Jeopardy! Round:

Diane Walter Elizabeth
$700 $2,900 $1,300

Double Jeopardy! Round responses

HISTORIC WOMEN
JENNIFER & DAVID
CHEMISTRY
ROCK GOES POSTAL
MARTIN SCORSESE, ACTOR
"ERE"Y WORDS
    $200 1
Indira Gandhi

Elizabeth
    $200 11
David Schwimmer

Walter
    $200 16
[Alex reads "NO2" as "nitrogen dioxide."]

nitro

Elizabeth
    $200 17
Elvis Presley

Elizabeth
    $200 23
Robert De Niro

Walter
    $200 3
Guinevere

Elizabeth
    $400 2
Cleopatra

Walter
    $400 12
(Diane: Who is Jennifer Parker?)

Jennifer Jason Leigh

Diane
Triple Stumper
    $400 21
a formula

Diane
    $400 18
Otis Redding

Diane
    $400 27
Quiz Show

Diane
    $400 4
Paul Revere

Elizabeth
    $600 8
Queen Lili'uokalani (of Hawaii)

Diane
    $600 13
David Bowie

Elizabeth
    $600 24
(Alex: We have about a minute to go, Walter.)

periods

Triple Stumper
    $600 19
Ritchie Valens

Elizabeth
    $600 28
the House Un-American Activities Committee (HUAC)

Walter
    $600 5
a sphere

Walter
    $1,000 9
the American Medical Association (AMA)

Diane
    $800 14
Jennifer Holliday

Diane
    $800 25
thermodynamics

Diane
    $800 20
Bill Haley

Walter
    $800 29
Akira Kurosawa

Walter
    $800 6
(Walter: What is Baffin Island?)

Ellesmere Island

Walter
Triple Stumper
    $1000 10
Edith Wharton

Elizabeth
    $1000 15
David Lynch

Walter
    $1000 26
Alkaline/Al Kaline

Walter
    $1000 22
Dinah Washington

Triple Stumper
    $1000 30
Dennis Hopper

Diane
    $1,500 7
Andre-Marie Ampere

Walter

Scores at the end of the Double Jeopardy! Round:

Diane Walter Elizabeth
$5,700 $9,200 $4,700

[wagering suggestions for these scores]

Final Jeopardy! Round responses

BRITISH AUTHORS
(Alex: He used to live in New Mexico.)
ElizabethWho is Carl Sandburg
$0
DianeWho was DH Lawrence
$5,700
WalterWho was Waugh?
$2,201
D.H. Lawrence

Final scores:

Diane Walter Elizabeth
$11,400 $6,999 $4,700
2-day champion: $24,400 2nd place: Trip to Puerto Vallarta, Mexico 3rd place: Fisher 100-Watt Audio Component System

Game dynamics:

Coryat scores:

Diane Walter Elizabeth
$5,500 $8,700 $5,600
13 R
(including 1 DD),
2 W
23 R
(including 1 DD),
2 W
15 R,
1 W
(including 1 DD)

Combined Coryat: $19,800

[game clues] [game scores] [suggest correction]

Game tape date: 1998-08-12
The J! Archive is created by fans, for fans. Scraping, republication, monetization, and malicious use prohibited; this site may use cookies and collect identifying information. See terms. The Jeopardy! game show and all elements thereof, including but not limited to copyright and trademark thereto, are the property of Jeopardy Productions, Inc. and are protected under law. This website is not affiliated with, sponsored by, or operated by Jeopardy Productions, Inc. Join the discussion at JBoard.tv.